[Event "Napoli Province-ch"]
[Site "Napoli"]
[Date "2016.03.31"]
[Round "5"]
[White "De Sio, Gennaro"]
[Black "Freda, Guido"]
[Result "1-0"]
[WhiteElo "1656"]
[BlackElo "1551"]
[PlyCount "60"]
[EventDate "2016.02.25"]
[EventType "swiss"]
[EventRounds "7"]
[EventCountry "ITA"]
[SourceTitle "EXT 2018"]
[Source "ChessBase"]
[SourceDate "2017.10.13"]
[SourceVersion "1"]
[SourceVersionDate "2017.10.13"]
[SourceQuality "1"]

1. d4 d5 2. c4 e6 3. Nc3 Nf6 4. Nf3 Bb4 5. Bg5 Nbd7 6. e3 0-0 7. Bd3 dxc4 8. Bxc4 Nb6 9. Bd3 Nbd5 10. Rc1 c6 11. 0-0 Qa5 12. Qc2 g6 13. e4 Nxc3 14. bxc3 Be7 15. Ne5 Re8 16. f4 Nh5 17. Bxe7 Rxe7 18. f5 exf5 19. exf5 f6 20. Qb3+ Kg7 21. fxg6 Be6 22. Nc4 Qg5 23. gxh7 b5 24. Qb4 f5 25. Ne5 Bd5 26. Rc2 Nf4 27. Rxf4 Rxe5 28. dxe5 a5 29. Qd4 Qh5 30. e6+ Kxh7 1-0

[Event "Praia op 3rd"]
[Site "Praia a Mare"]
[Date "2011.04.22"]
[Round "4"]
[White "De Sio, Gennaro"]
[Black "Frontera, Domenico"]
[Result "1/2-1/2"]
[WhiteElo "1407"]
[BlackElo "1753"]
[PlyCount "135"]
[EventDate "2011.04.20"]
[EventType "swiss"]
[EventRounds "5"]
[EventCountry "ITA"]
[SourceTitle "EXT 2023"]
[Source "ChessBase"]
[SourceDate "2022.10.05"]
[SourceVersion "1"]
[SourceVersionDate "2022.10.05"]
[SourceQuality "1"]

1. d4 d5 2. c4 e6 3. Nc3 c6 4. Nf3 Be7 5. Bf4 Bd6 6. Qd2 Nf6 7. cxd5 exd5 8. Bxd6 Qxd6 9. e3 Bf5 10. Bd3 Bxd3 11. Qxd3 0-0 12. 0-0 Nbd7 13. Rac1 Rfe8 14. a3 a5 15. Na4 Ne4 16. Nd2 b5 17. Nc3 Nxd2 18. Qxd2 b4 19. axb4 Qxb4 20. Nb1 Qb7 21. Nc3 c5 22. dxc5 Nxc5 23. Qxd5 Qxd5 24. Nxd5 Nd3 25. Rb1 Rab8 26. b3 Nb4 27. Nxb4 Rxb4 28. Rfc1 Reb8 29. Ra1 Ra8 30. Rxa5 Rd8 31. Rd5 Rdb8 32. Rb1 g6 33. Rd3 Rc8 34. Kf1 Rc2 35. Ke1 f5 36. Rd2 Rc3 37. Rdb2 f4 38. Kd2 Rc8 39. Rc2 fxe3+ 40. fxe3 Rd8+ 41. Ke2 Ra8 42. Rc4 Ra2+ 43. Kf3 Rb5 44. b4 Rf5+ 45. Rf4 Rb5 46. h3 g5 47. Rg4 h5 48. Rc4 Rf5+ 49. Kg3 Rff2 50. Rg1 h4+ 51. Kh2 Rab2 52. e4 Kf7 53. e5 Ke6 54. Rc5 Rxb4 55. Rd1 Rbb2 56. Rd6+ Ke7 57. Rc7+ Ke8 58. e6 Rxg2+ 59. Kh1 Rgd2 60. Rxd2 Rxd2 61. Rc5 Rd3 62. Kg2 Rg3+ 63. Kh2 Ke7 64. Re5 Rb3 65. Rxg5 Rb2+ 66. Kh1 Kf6 67. Rg4 Rb1+ 68. Kh2 1/2-1/2

[Event "Praia op 3rd"]
[Site "Praia a Mare"]
[Date "2011.04.20"]
[Round "1"]
[White "Barlotti, Gabriele"]
[Black "De Sio, Gennaro"]
[Result "1-0"]
[WhiteElo "1688"]
[BlackElo "1407"]
[PlyCount "79"]
[EventDate "2011.04.20"]
[EventType "swiss"]
[EventRounds "5"]
[EventCountry "ITA"]
[SourceTitle "EXT 2023"]
[Source "ChessBase"]
[SourceDate "2022.10.05"]
[SourceVersion "1"]
[SourceVersionDate "2022.10.05"]
[SourceQuality "1"]

1. d4 d5 2. c4 c6 3. cxd5 cxd5 4. Bf4 Nf6 5. Nf3 Bf5 6. Nc3 e6 7. e3 Nbd7 8. Qb3 Qb6 9. Bb5 Be7 10. Ne5 Rd8 11. Bg5 Qc7 12. Bxf6 Bxf6 13. Nxd7 Rxd7 14. Bxd7+ Qxd7 15. Qb5 a6 16. Qxd7+ Kxd7 17. Kd2 Rc8 18. Rhc1 Bd8 19. a3 b6 20. Ne2 Rxc1 21. Rxc1 h5 22. Nf4 h4 23. Nd3 f6 24. Nb4 a5 25. Nd3 Be4 26. f3 Bh7 27. b4 axb4 28. axb4 Bc7 29. g3 hxg3 30. hxg3 Bd6 31. b5 g5 32. g4 Bg6 33. Rc6 Bc7 34. Nb4 Be8 35. e4 dxe4 36. fxe4 Bg6 37. d5 exd5 38. Nxd5 Bd8 39. e5 Be4 40. Nxf6+ 1-0